The current situation of agricultural sector in sangkee district battambang province, បច្ចុប្បន្នភាពនៃវិស័យកសិកម្មក្នុងស្រុកសង្កែខេត្តបាត់ដំបង (Record no. 4708)
[ view plain ]
| 000 -LEADER | |
|---|---|
| fixed length control field | 00617nam a22001577a 4500 |
| 003 - CONTROL NUMBER IDENTIFIER | |
| control field | OSt |
| 005 - DATE AND TIME OF LATEST TRANSACTION | |
| control field | 20151217155544.0 |
| 008 - FIXED-LENGTH DATA ELEMENTS--GENERAL INFORMATION | |
| fixed length control field | 151217b xxu||||| |||| 00| 0 eng d |
| 040 ## - CATALOGING SOURCE | |
| Transcribing agency | RUA |
| 082 ## - DEWEY DECIMAL CLASSIFICATION NUMBER | |
| Classification number | AED YOE 2006 B223 Or.1 |
| 100 ## - MAIN ENTRY--PERSONAL NAME | |
| 9 (RLIN) | 5060 |
| Personal name | YOEU, ASIKIN. |
| 245 ## - TITLE STATEMENT | |
| Title | The current situation of agricultural sector in sangkee district battambang province, បច្ចុប្បន្នភាពនៃវិស័យកសិកម្មក្នុងស្រុកសង្កែខេត្តបាត់ដំបង |
| 260 ## - PUBLICATION, DISTRIBUTION, ETC. (IMPRINT) | |
| Place of publication, distribution, etc. | Phnom Penh |
| Name of publisher, distributor, etc. | RUA |
| Date of publication, distribution, etc. | 2006 |
| 300 ## - PHYSICAL DESCRIPTION | |
| Extent | x; 69p. |
| Other physical details | ill. |
| Dimensions | 29cm. |
| 942 ## - ADDED ENTRY ELEMENTS (KOHA) | |
| Source of classification or shelving scheme | |
| Koha item type | AED |
| Price effective from | Date last seen | Permanent Location | Not for loan | Date acquired | Source of classification or shelving scheme | Koha item type | Lost status | Withdrawn status | Date last checked out | Total Checkouts | Shelving location | Damaged status | Barcode | Current Location | Full call number |
|---|---|---|---|---|---|---|---|---|---|---|---|---|---|---|---|
| 2015-12-17 | 2015-12-17 | Library Block B | 2015-12-17 | AED | B223 | RUA030327 | Library Block B | AED YOE 2006 B223 Or.1 | |||||||
| 2015-12-17 | 2015-12-17 | Library Block B | 2015-12-17 | AED | B223 | RUA030266 | Library Block B | AED YOE 2006 B223 Or.2 | |||||||
| 2015-12-17 | 2017-08-19 | Library Block B | 2015-12-17 | AED | 2017-07-29 | 2 | B223 | RUA030321 | Library Block B | AED YOE 2006 B223 Or.3 | |||||
| 2015-12-17 | 2015-12-17 | Library Block B | 2015-12-17 | AED | B223 | RUA030386 | Library Block B | AED YOE 2006 B223 Or.4 | |||||||
| 2015-12-17 | 2017-08-12 | Library Block B | 2015-12-17 | AED | 2017-08-02 | 1 | B223 | RUA030326 | Library Block B | AED YOE 2006 B223 Or.5 |